|
|
|
|
| LEADER |
00000nam2a2200000 4500 |
| 001 |
336082 |
| 005 |
20231102004823.0 |
| 035 |
|
|
|a (RuTPU)RU\TPU\book\362498
|
| 035 |
|
|
|a RU\TPU\book\362494
|
| 090 |
|
|
|a 336082
|
| 100 |
|
|
|a 20171009d1935 k y0rusy50 ca
|
| 101 |
0 |
|
|a rus
|a ger
|
| 102 |
|
|
|a RU
|
| 105 |
|
|
|a a z 001zy
|
| 200 |
0 |
|
|a Т. 16 : Наблюдения над атмосферным электричеством на Земле Франца-Иосифа во время II Международного полярного года 1932-33
|d Luftelektrische messungen auf Franz-Josefs-land wahrend des 2 Internationalen Polarjahres 1931-33
|f И. Шольц
|
| 210 |
|
|
|d 1935
|
| 215 |
|
|
|a 169 с.
|c ил.
|
| 320 |
|
|
|a Библиогр. в тексте
|
| 461 |
|
1 |
|0 (RuTPU)RU\TPU\book\314159
|t Труды Арктического института
|l Transactions of the Arctic Institute
|f Всесоюзный арктический институт (ВАИ)
|v Т. 16 : Наблюдения над атмосферным электричеством на Земле Франца-Иосифа во время II Международного полярного года 1932-33
|d 1931-1938
|
| 510 |
1 |
|
|a Luftelektrische messungen auf Franz-Josefs-land wahrend des 2 Internationalen Polarjahres 1931-33
|z ger
|
| 606 |
1 |
|
|a Арктика
|x География
|2 stltpush
|3 (RuTPU)RU\TPU\subj\29357
|9 52708
|
| 610 |
1 |
|
|a исследования
|
| 610 |
1 |
|
|a Земля Франца-Иосифа
|
| 610 |
1 |
|
|a наблюдения
|
| 610 |
1 |
|
|a атмосферное электричество
|
| 610 |
1 |
|
|a таблицы
|
| 675 |
|
|
|a 91(98)
|v 3
|
| 700 |
|
1 |
|a Шольц
|b И.
|
| 801 |
|
1 |
|a RU
|b 63413507
|c 20130208
|
| 801 |
|
2 |
|a RU
|b 63413507
|c 20171024
|g RCR
|
| 942 |
|
|
|c BK
|